00660nam a2200241 a 4500001001300000003000900013005001700022008004100039020001000080082001500090100001400105245003200119260003800151300000900189500003500198505001000233650002600243700001400269902000800283942000700291952010700298999001300405nice12345678IN_TiNIC20260116011346.0050524s1961 lona grp 000 0 eng  ac10000a230.1bDOD aDodd, C H aAccording to the Scriptures aLondonbJames Nisbet and Coc1961 a145p aincludes index and biblioraphy2 aIndex aTheology-Early Church1 aDodd, C H bSRS cBK 00104070aHMIbHMId2007-06-14g100.00l1o230.1 DODp02547r2022-04-13s2022-04-13w2026-01-16yEB c819d819